000
00319nam a2200133Ia 4500
008
140626s9999 xx 000 0 und d
100
_a
Zielinski, Dave
245
_a
Get to the Source /
_c
Dave Zielinski.
260
_c
c2012.
300
_a
57 : 11, page 67
440
_a
HR Magazine
521
_a
BSBA
942
_c
SE
999
_c
121501
_d
121501